000 00418nam a22001817a 4500
005 20250617105713.0
008 250617b |||||||| |||| 00| 0 eng d
020 _a9788171773817
040 _cILCL
041 _2eng
_aeng
084 _aZ2,2673 P6
100 _aNarayanan, P
245 _aPatent Law
250 _a4
260 _aNew Delhi
_bEastern Law House
_c2006
300 _a61,401p.
942 _2CC
_cTB
999 _c1431782
_d1431782